000 01033nam a22002295i 4500
001 158286
003 ES-MaACL
005 20250815110841.0
008 960320q18641870fr a |||| | fre d
040 _aCLM
_bspa
_cCCPB | SIC
100 1 _aLyell, Charles
_cBaron de.
_9222935
245 1 0 _aÉléments de geologie ou Changements anciens de la terre et de ses habitants tels qu'ils sont représentés par les monuments géologiques /
_cpar Charles Lyell, Baronnet ; traduit de l'anglais sur la sixième édition avec le consentement de l'auteur par J. Gineston.
250 _a6e éd. considérablement augmentée et illustrée de 770 gravures sur bois.
260 _aParis :
_bGarnier Frères,
_c[s.a.] (
_eCorbeil :
_fTyp. et ster. de Creté)
300 _a2 v. :
_bil. ;
_c23 cm.
596 _aPref. fechado en 1864.
597 _aPort. con grab. de fósiles.
650 0 7 _aGeología
_2embne
_913086
700 1 _aGinestou, J.
_9127325
852 _aES-MaACL
_jG-9798-99
_z-- Enc. hol.
999 _c158286
_d158286